000 00782nam a2200229Ii 4500
003 JO-AjNU
008 230605s9999||||xx |||||||||||||| ||und||
017 _a2000/2/229
020 _a9957-11-077-2
040 _aJO-AjNU
_bara
_erda
_cJO-AjNU
041 _aara
050 1 4 _aHD30.28.H8668.2006
100 3 _aالحسيني،فلاح حسن عداي,
_eauthor
_929002
245 0 0 _aالادارة الاستراتيجية:مفاهيمها-مداخلها-عملياتها المعاصرة
250 _aط2
264 3 1 _aعمان:دار وائل للنشر والتوزيع،2006
300 _a332ص
336 _atext
_btxt
_2rdacontent
337 _aunmediated
_bn
_2rdamedia
338 _avolume
_bnc
_2rdacarrier
650 4 _aادارة الاعمال-مفاهيم
_929003
999 _aA11320
_c14888
_d14888